Pharmaceutical biotechnology : Concepts and applications

Đã lưu trong:
Bibliografiske detaljer
Hovedforfatter:  Walsh, Gary
Format: Sách
Sprog:Undetermined
Udgivet:  John Wiley & Sons  2007
Fag:
Tags: Tilføj Tag
Ingen Tags, Vær først til at tagge denne postø!
Thư viện lưu trữ: Trung tâm Thư viện - Trường Đại học Công nghiệp TP. Hồ Chí Minh
LEADER 00561nam a2200157Ia 4500
001 UIH_04362
008 231011s9999 xx 000 0 und d
082 |a  660.6 
100 |a  Walsh, Gary 
245 0 |a  Pharmaceutical biotechnology : Concepts and applications 
245 0 |c  Walsh, Gary 
260 |b  John Wiley & Sons 
260 |c  2007 
650 |a  Pharmaceutical biotechnology; Technology, Pharmaceutical; Công nghệ sinh học;  
927 |a Sách 
980 |a Trung tâm Thư viện - Trường Đại học Công nghiệp TP. Hồ Chí Minh